Educational psychology (Record no. 1336)
| 000 -LEADER | |
|---|---|
| fixed length control field | 00556nam a22001937a 4500 |
| 003 - CONTROL NUMBER IDENTIFIER | |
| control field | OSt |
| 005 - DATE AND TIME OF LATEST TRANSACTION | |
| control field | 20140618153136.0 |
| 008 - FIXED-LENGTH DATA ELEMENTS--GENERAL INFORMATION | |
| fixed length control field | 140618b xxu||||| |||| 00| 0 eng d |
| 020 ## - INTERNATIONAL STANDARD BOOK NUMBER | |
| International Standard Book Number | 9781292021294 |
| 050 ## - LIBRARY OF CONGRESS CALL NUMBER | |
| Classification number | LB1051 .W74 2014 |
| 100 ## - MAIN ENTRY--PERSONAL NAME | |
| Personal name | Woolfolk, Anita |
| 245 ## - TITLE STATEMENT | |
| Title | Educational psychology |
| Statement of responsibility, etc | Anita Woolfolk. |
| 250 ## - EDITION STATEMENT | |
| Edition statement | 12th ed. |
| 260 ## - PUBLICATION, DISTRIBUTION, ETC. (IMPRINT) | |
| Place of publication, distribution, etc | Boston |
| Name of publisher, distributor, etc | Pearson |
| Date of publication, distribution, etc | 2014 |
| 300 ## - PHYSICAL DESCRIPTION | |
| Extent | xxv, 587 p. |
| Other physical details | col. ill. ; |
| Dimensions | 28 cm. |
| 504 ## - BIBLIOGRAPHY, ETC. NOTE | |
| Bibliography, etc | Includes bibliographical references and index. |
| 650 ## - SUBJECT ADDED ENTRY--TOPICAL TERM | |
| Topical term or geographic name as entry element | Educational psychology--Textbooks. |
| 942 ## - ADDED ENTRY ELEMENTS (KOHA) | |
| Source of classification or shelving scheme | |
| Koha item type | Book |
| Withdrawn status | Lost status | Source of classification or shelving scheme | Damaged status | Not for loan | Home library | Current library | Date acquired | Total Checkouts | Full call number | Barcode | Date last seen | Copy number | Price effective from | Koha item type | Date checked out |
|---|---|---|---|---|---|---|---|---|---|---|---|---|---|---|---|
| Riara University Library | Riara University Library | 18/06/2014 | LB1051 .W74 2014 | 4782/14 | 18/06/2014 | C.1 | 18/06/2014 | Book | |||||||
| Riara University Library | Riara University Library | 18/06/2014 | 1 | LB1051 .W74 2014 | 4783/14 | 16/08/2016 | C.2 | 18/06/2014 | Book | 29/04/2016 | |||||
| Riara University Library | Riara University Library | 18/06/2014 | 2 | LB1051 .W74 2014 | 4784/14 | 01/04/2015 | C.3 | 18/06/2014 | Book | 03/03/2015 | |||||
| Riara University Library | Riara University Library | 01/07/2014 | LB1051 .W74 2014 | 4821/14 | 01/07/2014 | C.4 | 01/07/2014 | Book | |||||||
| Riara University Library | Riara University Library | 01/07/2014 | 6 | LB1051 .W74 2014 | 4822/14 | 11/12/2017 | C.6 | 01/07/2014 | Book | 02/12/2017 | |||||
| Riara University Library | Riara University Library | 01/07/2014 | 5 | LB1051 .W74 2014 | 4823/14 | 27/11/2017 | C.7 | 01/07/2014 | Book | 15/11/2017 | |||||
| Riara University Library | Riara University Library | 01/07/2014 | 3 | LB1051 .W74 2014 | 4824/14 | 01/11/2017 | C.8 | 01/07/2014 | Book | 25/09/2017 | |||||
| Riara University Library | Riara University Library | 01/07/2014 | 2 | LB1051 .W74 2014 | 4826/14 | 10/01/2022 | C.9 | 01/07/2014 | Book | 12/09/2017 | |||||
| Riara University Library | Riara University Library | 01/07/2014 | 3 | LB1051 .W74 2014 | 4825/14 | 29/09/2017 | C.5 | 01/07/2014 | Book | 12/09/2017 |
